<?xml version="1.0" encoding="UTF-8"?>
<collection xmlns="http://www.loc.gov/MARC21/slim">
 <record>
  <leader>01113nam a22002537a 4500</leader>
  <controlfield tag="001">39263</controlfield>
  <controlfield tag="003">BD-DhAAL</controlfield>
  <controlfield tag="008">220801t1984    at ||||| |||| 001 0 eng d</controlfield>
  <datafield tag="999" ind1=" " ind2=" ">
   <subfield code="c">44708</subfield>
   <subfield code="d">44708</subfield>
  </datafield>
  <datafield tag="020" ind1=" " ind2=" ">
   <subfield code="a">0959054006</subfield>
  </datafield>
  <datafield tag="040" ind1=" " ind2=" ">
   <subfield code="a">BD-DhAAL</subfield>
   <subfield code="c">BD-DhAAL</subfield>
  </datafield>
  <datafield tag="082" ind1=" " ind2=" ">
   <subfield code="a">338.10994</subfield>
  </datafield>
  <datafield tag="100" ind1=" " ind2=" ">
   <subfield code="a">Edgeloe, V. A.</subfield>
   <subfield code="9">50469</subfield>
  </datafield>
  <datafield tag="245" ind1=" " ind2=" ">
   <subfield code="a">The Waite Agricultural Research Institute :</subfield>
   <subfield code="b">the first fifty years 1924-1974 /</subfield>
   <subfield code="c">V. A. Edgeloe; Waite Agricultural Research Institute.</subfield>
  </datafield>
  <datafield tag="260" ind1=" " ind2=" ">
   <subfield code="a">[Glen Osmond, S. Aust.] :</subfield>
   <subfield code="b">Waite Agricultural Research Institute,</subfield>
   <subfield code="c">1984.</subfield>
  </datafield>
  <datafield tag="300" ind1=" " ind2=" ">
   <subfield code="a">xvi, 208 pages :</subfield>
   <subfield code="b">illustrations ;</subfield>
   <subfield code="c">25 cm.</subfield>
  </datafield>
  <datafield tag="500" ind1=" " ind2=" ">
   <subfield code="a">Includes index.</subfield>
  </datafield>
  <datafield tag="541" ind1=" " ind2=" ">
   <subfield code="a">Donated By Akbar Ali Khan</subfield>
   <subfield code="e">39263</subfield>
  </datafield>
  <datafield tag="610" ind1=" " ind2=" ">
   <subfield code="a">Waite Agricultural Research Institute</subfield>
   <subfield code="x">History.</subfield>
   <subfield code="9">50470</subfield>
  </datafield>
  <datafield tag="650" ind1=" " ind2=" ">
   <subfield code="a">Agriculture</subfield>
   <subfield code="x">Economic aspects</subfield>
   <subfield code="z">Australia</subfield>
   <subfield code="x">Research</subfield>
   <subfield code="x">History.</subfield>
   <subfield code="9">50471</subfield>
  </datafield>
  <datafield tag="650" ind1=" " ind2=" ">
   <subfield code="a">Economics.</subfield>
   <subfield code="9">50472</subfield>
  </datafield>
  <datafield tag="852" ind1=" " ind2=" ">
   <subfield code="a">Ayesha Abed Library</subfield>
   <subfield code="c">Akbar Ali Khan Collection</subfield>
  </datafield>
  <datafield tag="942" ind1=" " ind2=" ">
   <subfield code="2">ddc</subfield>
   <subfield code="c">BK</subfield>
  </datafield>
  <datafield tag="952" ind1=" " ind2=" ">
   <subfield code="0">0</subfield>
   <subfield code="1">0</subfield>
   <subfield code="2">ddc</subfield>
   <subfield code="4">0</subfield>
   <subfield code="6">338_109940000000000_EDG</subfield>
   <subfield code="7">1</subfield>
   <subfield code="9">71419</subfield>
   <subfield code="a">BRACUL</subfield>
   <subfield code="b">BRACUL</subfield>
   <subfield code="c">AAKC</subfield>
   <subfield code="d">2022-08-01</subfield>
   <subfield code="e">Donated by Akbar Ali Khan</subfield>
   <subfield code="l">0</subfield>
   <subfield code="o">338.10994 EDG</subfield>
   <subfield code="p">3010039263</subfield>
   <subfield code="r">2022-08-01</subfield>
   <subfield code="t">1</subfield>
   <subfield code="w">2022-08-01</subfield>
   <subfield code="y">BK</subfield>
  </datafield>
 </record>
</collection>
